Mathematical statistics (Record no. 543969)

000 -LEADER
fixed length control field 00376nam a22001457a 4500
082 ## - DEWEY DECIMAL CLASSIFICATION NUMBER
Classification number 519.5
Author Mark KAP
-- L-4:p-7
100 ## - MAIN ENTRY--PERSONAL NAME
Personal name J.N, Kapur
9 (RLIN) 39487
245 ## - TITLE STATEMENT
Title Mathematical statistics
250 ## - EDITION STATEMENT
Edition statement Kapur, J.N
260 ## - PUBLICATION, DISTRIBUTION, ETC.
Place of publication, distribution, etc. Delhi
Name of publisher, distributor, etc. S.Chand & Co
Date of publication, distribution, etc. 1960
300 ## - PHYSICAL DESCRIPTION
Extent p400. :
Other physical details ill. ;
Dimensions 10 cm.
526 ## - STUDY PROGRAM INFORMATION NOTE
Program name 0
Interest level 0
Reading level 0
Title point value 519_500000000000000_KAP
650 ## - SUBJECT ADDED ENTRY--TOPICAL TERM
Topical term or geographic name entry element MCE
9 (RLIN) 379
942 ## - ADDED ENTRY ELEMENTS (KOHA)
Source of classification or shelving scheme
Koha item type Book
Holdings
Withdrawn status Lost status Source of classification or shelving scheme Damaged status Not for loan Permanent Location Current Location Date acquired Total Checkouts Full call number Barcode Date last seen Price effective from Koha item type
          Military College of Engineering (MCE) Military College of Engineering (MCE) 04/08/2014   519.5 KAP MCE-1628 04/08/2014 04/08/2014 Book
© 2023 Central Library, National University of Sciences and Technology. All Rights Reserved.